| 000 | 00718nam a2200253Ia 4500 | ||
|---|---|---|---|
| 003 | OSt | ||
| 005 | 20220924131824.0 | ||
| 006 | a|||||r|||| 00| 0 | ||
| 007 | ta | ||
| 008 | 220923b |||||||| |||| 00| 0 tel d | ||
| 020 | _cRs.7. | ||
| 024 | _a344514 | ||
| 037 | _cTextual | ||
| 040 |
_aARTS _cARTS _btel |
||
| 041 |
_2tel _atel |
||
| 082 | _aO142,3M28,5, 35J5 | ||
| 100 |
_aPuranamkumara Raghava Sastri Tr. _9202970 |
||
| 245 | 0 | _aNavajeevanam | |
| 260 |
_aVijayawada _bDesi Kavitha Mandali India _c1955 |
||
| 300 |
_a550p. _ccm. |
||
| 650 |
_aRUSSIAN LITERATURE _915056 |
||
| 942 |
_hO142,3M28,5, 35J5 _cTEXL _2CC |
||
| 999 |
_c428307 _d428307 |
||